000 00968nam a2200313 i 4500
003 EG-GICUC
005 20260121101435.0
008 251206s1950 us ||||fr|||| 001 0 eng d
040 _aEG-GiCUC
_beng
_cEG-GiCUC
_dEG-GiCUC
_erda
041 _aeng
082 0 4 _221
_a341.23
_bCH . U
092 0 4 _221
099 _aLaw1 11 341.23 CH . U 1 ed - 1950
100 1 _aChase, ugene P
_eAuthor.
245 1 4 _aThe United Nations in Action /
_cEugene P.chase.
250 _aFirst edition
264 1 _aLondon :
_bMcgraw-Hill Book Company،
_c1950.
300 _a464 pages ;
_c24 cm.
336 _2rda content
_atext
337 _2rda media
_aComputer
338 _2rda carrier
_aOnline Resource
504 _aBibliographical note
546 _aText in English
650 1 4 _aUnited Nations
_xPublic international law
_2qrmak
651 1 _2qrmak
856 4 0 _uhttps://fll.law.cu.edu.eg/fulltext/bks/B11-05037.pdf
905 _a75
_eHassnaa
942 _2ddc
_n0
_cBK
_e21
999 _c48705
_d48705